Personnalités politiques françaises n°12 - Statistiques

Statistiques générales
  • Ce quiz a été pris 783 fois
  • Le résultat moyen est 7 sur 20
Statistiques - réponses
Par images Réponse % Correct
Yaël Braun-Pivet
80%
Olivier Dussopt
64%
François-Xavier Bellamy
61%
Jean-Philippe Tanguy
60%
Marine Tondelier
58%
Amélie Oudéa-Castéra
57%
Rachel Keke
47%
Laure Lavalette
40%
Rima Abdul-Malak
40%
Christophe Béchu
37%
Stéphane Séjourné
36%
Jean-Christophe Cambadélis
33%
Roland Lescure
23%
Stéphane Ravier
22%
Nicolas Mayer-Rossignol
17%
Caroline Fiat
15%
Thierry Solère
15%
André Santini
12%
Geoffroy Didier
11%
Moetai Brotherson
5%
Aucun quiz correspondant
Distribution des résultats
% des personnes avec chaque résultat
Percentile par nombre de réponses
Votre historique - résultats
Vous n’avez pas pris ce quiz